书目信息 |
| 书名: | The ALA glossary of library and information science | |
| 作者: | Heartsill Young, editor, with the assistance of Terry Belanger ... [et al.]. | |
| 分册号: | ||
| 分册名: | 出版地: | Chicago : |
|
| 出版社: | American Library Association | |
| 出版时间: | 1983. | |
| 页数: | xvi, 245 p. ; | |
| 开本: | 27 cm. | |
| 丛书名: | ||
| 中图分类号: | ||
| 科图分类号: | ||
| 其他分类号: | G250:H31 | |
| 主题词: | ||
| 电子资源: | ||
| 000 | 00947pam 22002770a 4504 | |
| 001 | E0760622366 | |
| 003 | CaOON | |
| 005 | 20070226165400.96 | |
| 008 | 030326s1983 ilu d 0000 eng l | |
| 010 | @a82018512 | |
| 020 | @a0838903711 :@c$20.00 (est.). | |
| 040 | @aDLC@beng@cDLC@dCaOONL | |
| 050 | 00 | @aZ1006@b.A48 1983 |
| 082 | 0 | @a020/.3 |
| 090 | @aI260.42/W4 | |
| 090 | @aG250:H31 | |
| 099 | @dG250:H31@ex1 | |
| 245 | 04 | @aThe ALA glossary of library and information science / @cHeartsill Young, editor, with the assistance of Terry Belanger ... [et al.]. |
| 260 | 0 | @aChicago :@bAmerican Library Association,@c1983. |
| 300 | @axvi, 245 p. ;@c27 cm. | |
| 504 | @aBibliography: p. xv-xvi. | |
| 650 | 0 | @aLibrary science@xDictionaries. |
| 650 | 0 | @aInformation science@xDictionaries. |
| 700 | 10 | @aYoung, Heartsill,@d1917- |
| 700 | 10 | @aBelanger, Terry. |
| 740 | 0 | @aA.L.A. glossary of library and information |
| The ALA glossary of library and information science / / Heartsill Young, editor, with the assistance of Terry Belanger ... [et al.].-Chicago : : American Library Association, , 1983. |
| xvi, 245 p. ; ; 27 cm. |
| Bibliography: p. xv-xvi. |
| ISBN 0838903711 :$20.00 (est.). |
| ● |
| 相关链接 |
|
|
|
|
正题名:ALA glossary of library and information science
索取号:G250:H31/x1
 
预约/预借
| 序号 | 登录号 | 条形码 | 馆藏地/架位号 | 状态 | 备注 |
| 1 | 180642 | 001171617 | 第二样本阅览室/ [索取号:G250:H31/x1] | 在馆 | |
| 2 | 180643 | 001170896 | 第四借阅区/ [索取号:G250:H31/x1] | 在馆 | |
| 3 | 180644 | 001171608 | 第四借阅区/ [索取号:G250:H31/x1] | 在馆 | |
| 4 | 180645 | 001170921 | 第四借阅区/ [索取号:G250:H31/x1] | 在馆 | |
| 5 | 180646 | 001170967 | 第四借阅区/ [索取号:G250:H31/x1] | 在馆 |